Why Reagan won : a narrative history of the conservative movement 1964-1981 /

Bibliographic Details
Main Author: White, F. Clifton
Other Authors: Gill, William J.
Format: Book
Language:English
Published: Chicago, Ill. : Regnery Gateway, [1981]
Subjects:

MARC

Tag First Indicator Second Indicator Subfields
LEADER 00000cam a2200000 a 4500
001 in00000076178
005 20151008060450.0
008 820306s1981 ilu 00110 eng
010 |a  81052142  
020 |a 0895266687 :  |c $14.95 
035 |a (OCoLC)08094792 
035 |9 AAJ5813AM 
039 0 |a 2  |b 3  |c 3  |d 3  |e 3 
040 |a DLC  |c DLC  |d TXA  |d UtOrBLW 
043 |a n-us--- 
049 |a TXAM  |c [1272301] 
050 0 0 |a E875  |b .W45 
082 0 |a 324.973/0926  |2 19 
100 1 |a White, F. Clifton. 
245 1 0 |a Why Reagan won :  |b a narrative history of the conservative movement 1964-1981 /  |c F. Clifton White, William J. Gill ; foreword by William F. Buckley, Jr. ; introduction by Paul Laxalt. 
264 1 |a Chicago, Ill. :  |b Regnery Gateway,  |c [1981] 
264 4 |c ©1981 
300 |a xvii, 256 pages ;  |c 24 cm. 
336 |a text  |b txt  |2 rdacontent 
337 |a unmediated  |b n  |2 rdamedia 
338 |a volume  |b nc  |2 rdacarrier 
500 |a Includes index. 
600 1 0 |a Reagan, Ronald. 
650 0 |a Presidents  |z United States  |x Election  |y 1980. 
650 0 |a Conservatism  |z United States  |x History  |y 20th century. 
651 0 |a United States  |x Politics and government  |y 1945-1953. 
651 0 |a United States  |x Politics and government  |y 1945-1989. 
700 1 |a Gill, William J. 
999 |a MARS 
999 f f |s e0b4fa10-bb5e-388e-85a5-f0e3c496d972  |i b4190e6d-9919-38a0-9691-1ae4a0a06914  |t 0 
952 f f |p normal  |a Texas A&M University  |b College Station  |c Sterling C. Evans Library  |d Evans: Library Stacks  |t 0  |e E875 .W45  |h Library of Congress classification  |i unmediated -- volume  |m A14806108756 
998 f f |a E875 .W45  |t 0  |l Evans: Library Stacks